quiz foot #1 facile - Statistiques

Statistiques générales
  • Ce quiz a été pris 186 fois
  • Le résultat moyen est 11 sur 12
Statistiques - réponses
Par images Réponse % Correct
mbappe
100%
messi
99%
neymar
99%
ronaldo
99%
ibra
95%
modric
92%
ramos
91%
suarez
90%
lewandowski
85%
iniesta
83%
xavi
82%
chiellini
74%
Aucun quiz correspondant
Distribution des résultats
% des personnes avec chaque résultat
Percentile par nombre de réponses
Votre historique - résultats
Vous n’avez pas pris ce quiz